[Event "SB-2012-0-00226"]
[Site "LSS email"]
[Date "2012.04.25"]
[Round "?"]
[White "Bienkowski, Alejandro"]
[Black "Bobrovich, Sergey"]
[Result "1-0"]
[WhiteElo "1816"]
[BlackElo "1819"]
[PlyCount "41"]
[EventDate "2012.04.08"]
[EventType "tourn (corr)"]
[EventRounds "6"]
[EventCountry "GER"]
[SourceTitle "Telechess CBM 161"]
[Source "ChessBase"]
[SourceDate "2014.07.16"]
[SourceVersion "1"]
[SourceVersionDate "2014.07.16"]
[SourceQuality "1"]

1. e4 c5 2. Nf3 d6 3. d4 cxd4 4. Nxd4 Nf6 5. Nc3 a6 6. Be3 e6 7. f3 b5 8. Qd2 Be7 9. 0-0-0 Bb7 10. g4 0-0 11. h4 d5 12. e5 Nfd7 13. f4 Nb6 14. f5 Nc4 15. Bxc4 dxc4 16. Rhf1 b4 17. Nb1 Bd5 18. g5 Nd7 19. f6 Bc5 20. fxg7 Kxg7 21. h5 1-0

[Event "SB-2012-0-00226"]
[Site "LSS email"]
[Date "2012.04.23"]
[Round "?"]
[White "Vodicka, Milan"]
[Black "Bobrovich, Sergey"]
[Result "1-0"]
[WhiteElo "1935"]
[BlackElo "1819"]
[PlyCount "61"]
[EventDate "2012.04.08"]
[EventType "tourn (corr)"]
[EventRounds "6"]
[EventCountry "GER"]
[SourceTitle "Telechess CBM 161"]
[Source "ChessBase"]
[SourceDate "2014.07.16"]
[SourceVersion "1"]
[SourceVersionDate "2014.07.16"]
[SourceQuality "1"]

1. d4 Nf6 2. c4 e6 3. Nf3 b6 4. g3 Ba6 5. b3 Bb4+ 6. Bd2 Be7 7. Bg2 c6 8. Bc3 d5 9. Ne5 Nfd7 10. Nxd7 Nxd7 11. Nd2 0-0 12. 0-0 Rc8 13. Re1 f5 14. Rc1 Nf6 15. Bb2 Bd6 16. e3 Qe7 17. Nf3 Ne4 18. Re2 c5 19. Rec2 dxc4 20. bxc4 Bb7 21. Qd3 Rfd8 22. Nd2 Nxd2 23. Bxb7 Qxb7 24. Rxd2 Be5 25. Rcd1 Bf6 26. d5 Bxb2 27. Rxb2 Rd6 28. f3 Rf8 29. e4 fxe4 30. fxe4 e5 31. Rf1 1-0

[Event "RA-2011-0-00130"]
[Site "LSS email"]
[Date "2011.04.17"]
[Round "?"]
[White "Bobrovich, Sergey"]
[Black "Jovanovic, Bratislav"]
[Result "0-1"]
[WhiteElo "1814"]
[BlackElo "2042"]
[PlyCount "96"]
[EventDate "2011.03.14"]
[EventType "tourn (corr)"]
[EventRounds "6"]
[EventCountry "GER"]
[SourceTitle "Telechess CBM 147"]
[Source "ChessBase"]
[SourceDate "2012.03.16"]
[SourceVersion "1"]
[SourceVersionDate "2012.03.16"]
[SourceQuality "1"]

1. e4 e6 2. d4 d5 3. Nd2 Nf6 4. e5 Nfd7 5. Bd3 c5 6. c3 Nc6 7. Ne2 cxd4 8. cxd4 f6 9. exf6 Nxf6 10. Nf3 Bd6 11. 0-0 Qc7 12. Bg5 0-0 13. Bh4 Qb6 14. Nc3 Bd7 15. Re1 Nb4 16. Ne5 Bxe5 17. dxe5 Nxd3 18. Qxd3 Ng4 19. Qe2 Nh6 20. Bg5 Nf5 21. Rac1 h6 22. Bf4 Bc6 23. b3 Rad8 24. Qd3 Rd7 25. Red1 Rdf7 26. h3 Qa5 27. Rc2 d4 28. Ne4 Bb5 29. Qd2 Qxd2 30. Rcxd2 Bc6 31. Re1 g5 32. Bh2 Bxe4 33. Rxe4 h5 34. Re1 Rc8 35. Kf1 Kg7 36. Ke2 Kg6 37. Red1 h4 38. Rd3 Rc2+ 39. R1d2 Rc1 40. Rd1 Rc5 41. R3d2 Rfc7 42. Kd3 Rc3+ 43. Ke2 b5 44. Rd3 b4 45. R3d2 a5 46. Rd3 a4 47. bxa4 Ra7 48. R3d2 Rxa4 0-1

[Event "BI-2011-P-00010"]
[Site "LSS email"]
[Date "2011.04.17"]
[Round "?"]
[White "Bobrovich, Sergey"]
[Black "Kopasov, Evgeny Aleksandrovi"]
[Result "0-1"]
[WhiteElo "1903"]
[BlackElo "2255"]
[PlyCount "68"]
[EventDate "2011.04.20"]
[EventType "tourn (corr)"]
[EventRounds "10"]
[EventCountry "GER"]
[SourceTitle "Telechess CBM 157"]
[Source "ChessBase"]
[SourceDate "2013.11.12"]
[SourceVersion "1"]
[SourceVersionDate "2013.11.12"]
[SourceQuality "1"]

1. e4 c5 2. Nf3 d6 3. d4 cxd4 4. Nxd4 Nf6 5. Nc3 a6 6. Be3 e5 7. Nb3 Be6 8. f3 Be7 9. Qd2 Nbd7 10. g4 0-0 11. 0-0-0 b5 12. g5 b4 13. Ne2 Ne8 14. f4 a5 15. f5 Bxb3 16. cxb3 a4 17. bxa4 Rxa4 18. Kb1 Rxa2 19. Nc1 Ra8 20. Nb3 Qb8 21. Bc4 Nb6 22. Bxb6 Qxb6 23. Rhg1 Qa7 24. f6 Bd8 25. fxg7 Kxg7 26. Qxb4 Be7 27. Qc3 Nc7 28. Rdf1 Ne6 29. h4 Rfc8 30. Nd2 Bd8 31. Kc2 Ba5 32. b4 Bxb4 33. Qxb4 Qe3 34. g6 hxg6 0-1

[Event "RA-2011-0-00130"]
[Site "LSS email"]
[Date "2011.04.17"]
[Round "?"]
[White "De Waele, Willy"]
[Black "Bobrovich, Sergey"]
[Result "1-0"]
[WhiteElo "1972"]
[BlackElo "1814"]
[PlyCount "81"]
[EventDate "2011.03.14"]
[EventType "tourn (corr)"]
[EventRounds "6"]
[EventCountry "GER"]
[SourceTitle "Telechess CBM 147"]
[Source "ChessBase"]
[SourceDate "2012.03.16"]
[SourceVersion "1"]
[SourceVersionDate "2012.03.16"]
[SourceQuality "1"]

1. e4 c5 2. Nf3 d6 3. d4 cxd4 4. Nxd4 Nf6 5. Nc3 a6 6. Bg5 e6 7. f4 Be7 8. Qf3 Qc7 9. 0-0-0 Nbd7 10. g4 b5 11. Bxf6 Nxf6 12. g5 Nd7 13. f5 Bxg5+ 14. Kb1 Ne5 15. Qh5 Qe7 16. Nxe6 Bxe6 17. fxe6 g6 18. exf7+ Kxf7 19. Qh3 Kg7 20. Nd5 Qd8 21. Qc3 Ra7 22. Qa3 Qb8 23. h4 Bh6 24. h5 a5 25. Qg3 Rf7 26. Bh3 b4 27. hxg6 Rf3 28. Qg2 hxg6 29. Bg4 Rff8 30. Bf5 Qd8 31. Rhg1 Rf6 32. Nxf6 Qxf6 33. Bxg6 Qxg6 34. Qxg6+ Nxg6 35. Rxd6 Bg5 36. c4 Rd8 37. e5 Rxd6 38. exd6 Be3 39. Re1 Bb6 40. d7 Nf8 41. Re8 1-0

[Event "RA-2011-0-00130"]
[Site "LSS email"]
[Date "2011.04.17"]
[Round "?"]
[White "Sciarretta, Robert W"]
[Black "Bobrovich, Sergey"]
[Result "1-0"]
[WhiteElo "2141"]
[BlackElo "1814"]
[PlyCount "67"]
[EventDate "2011.03.14"]
[EventType "tourn (corr)"]
[EventRounds "6"]
[EventCountry "GER"]
[SourceTitle "Telechess CBM 147"]
[Source "ChessBase"]
[SourceDate "2012.03.16"]
[SourceVersion "1"]
[SourceVersionDate "2012.03.16"]
[SourceQuality "1"]

1. d4 Nf6 2. c4 g6 3. Nc3 Bg7 4. e4 d6 5. Be2 0-0 6. Nf3 e5 7. Be3 Ng4 8. Bg5 f6 9. Bh4 g5 10. Bg3 Nh6 11. dxe5 dxe5 12. 0-0 Nf7 13. Qc2 Be6 14. Rfd1 Nd7 15. Nd2 c6 16. Nf1 Qb6 17. a3 Rfd8 18. b4 Qc7 19. Ne3 Nf8 20. c5 Ng6 21. f3 b6 22. cxb6 axb6 23. Bf2 Nf4 24. Bf1 Rxd1 25. Ncxd1 Qb7 26. g3 Nh3+ 27. Bxh3 Bxh3 28. g4 h5 29. Be1 hxg4 30. fxg4 f5 31. exf5 c5 32. Nf2 Qf3 33. Qe4 Bf8 34. Qxf3 1-0

[Event "BI-2011-P-00010"]
[Site "LSS email"]
[Date "2011.04.17"]
[Round "?"]
[White "Sorcinelli, Andrea"]
[Black "Bobrovich, Sergey"]
[Result "1-0"]
[WhiteElo "2060"]
[BlackElo "1903"]
[PlyCount "69"]
[EventDate "2011.04.20"]
[EventType "tourn (corr)"]
[EventRounds "10"]
[EventCountry "GER"]
[SourceTitle "Telechess CBM 157"]
[Source "ChessBase"]
[SourceDate "2013.11.12"]
[SourceVersion "1"]
[SourceVersionDate "2013.11.12"]
[SourceQuality "1"]

1. e4 c5 2. Nf3 d6 3. d4 cxd4 4. Nxd4 Nf6 5. Nc3 a6 6. Be3 e6 7. f3 b5 8. Qd2 Nbd7 9. g4 Nb6 10. 0-0-0 Bb7 11. g5 Nfd7 12. a3 Rc8 13. Rg1 d5 14. exd5 Nxd5 15. Nxd5 Bxd5 16. f4 Qc7 17. f5 e5 18. Bg2 Bxg2 19. Rxg2 b4 20. axb4 Rb8 21. Ne6 fxe6 22. fxe6 Nb6 23. Qf2 Bxb4 24. Bxb6 Qe7 25. Qf3 e4 26. Qxe4 0-0 27. Bd4 Rbe8 28. Bf6 Qxe6 29. Qxb4 gxf6 30. gxf6+ Kh8 31. Rf2 Qa2 32. c4 Rc8 33. Rf4 Rb8 34. Qc3 Rf7 35. Rfd4 1-0

[Event "SA-2011-0-00183"]
[Site "LSS email"]
[Date "2011.03.11"]
[Round "?"]
[White "Jovanovic, Bratislav"]
[Black "Bobrovich, Sergey"]
[Result "1/2-1/2"]
[WhiteElo "2100"]
[BlackElo "1903"]
[PlyCount "77"]
[EventDate "2011.02.13"]
[EventType "tourn (corr)"]
[EventRounds "6"]
[EventCountry "GER"]
[SourceTitle "Telechess CBM 157"]
[Source "ChessBase"]
[SourceDate "2013.11.12"]
[SourceVersion "1"]
[SourceVersionDate "2013.11.12"]
[SourceQuality "1"]

1. e4 c5 2. Nf3 d6 3. d4 cxd4 4. Nxd4 Nf6 5. Nc3 a6 6. Be3 e6 7. f4 b5 8. a3 Bb7 9. Bd3 Nbd7 10. Qf3 Rc8 11. 0-0 Be7 12. f5 e5 13. Nb3 0-0 14. Rad1 Qc7 15. g4 d5 16. exd5 Bxa3 17. g5 Bxb2 18. gxf6 Bxc3 19. fxg7 Rfe8 20. f6 e4 21. Bxe4 Nxf6 22. Nc5 Qe7 23. d6 Bxe4 24. Qf2 Ng4 25. Qf4 Be5 26. Qxg4 Bxd6 27. Nxe4 Qxe4 28. Qxe4 Rxe4 29. Rxd6 Rxe3 30. Rxa6 Rxc2 31. Ra8+ Kxg7 32. Ra7 Kg6 33. Raxf7 Rc6 34. Rb7 Rb3 35. Kg2 Rc2+ 36. Rf2 Rxf2+ 37. Kxf2 h5 38. Rd7 h4 39. h3 1/2-1/2

[Event "SA-2011-0-00183"]
[Site "LSS email"]
[Date "2011.03.10"]
[Round "?"]
[White "Cardoso Garcia, Sergio"]
[Black "Bobrovich, Sergey"]
[Result "1-0"]
[WhiteElo "2005"]
[BlackElo "1903"]
[PlyCount "87"]
[EventDate "2011.02.13"]
[EventType "tourn (corr)"]
[EventRounds "6"]
[EventCountry "GER"]
[SourceTitle "Telechess CBM 157"]
[Source "ChessBase"]
[SourceDate "2013.11.12"]
[SourceVersion "1"]
[SourceVersionDate "2013.11.12"]
[SourceQuality "1"]

1. c4 e5 2. Nf3 d6 3. d4 e4 4. Ng5 f5 5. Nc3 Be7 6. Nh3 Nf6 7. Bg5 h6 8. Bxf6 Bxf6 9. Nf4 0-0 10. e3 c6 11. Be2 Na6 12. 0-0 Nc7 13. Rc1 Ne6 14. Ng6 Rf7 15. Bh5 Nf8 16. Nf4 Re7 17. Qd2 Ne6 18. Ng6 Rc7 19. a3 Ng5 20. b4 Be6 21. Ne2 Bf7 22. Ngf4 Bxh5 23. Nxh5 Rf7 24. Nef4 Qd7 25. d5 c5 26. bxc5 dxc5 27. Ng6 Qd6 28. Nhf4 Re8 29. Rfd1 Be5 30. Nxe5 Rxe5 31. Qa5 b6 32. Qb5 Rd7 33. a4 Ne6 34. Ng6 Nc7 35. Qxd7 Qxd7 36. Nxe5 Qxa4 37. Nc6 Kh7 38. Ra1 Qxc4 39. d6 Ne6 40. d7 a5 41. Rd6 a4 42. h3 b5 43. Rxe6 Qxe6 44. d8Q 1-0

[Event "OP-2011-0-01430"]
[Site "LSS email"]
[Date "2011.03.05"]
[Round "?"]
[White "Markoja, Johann"]
[Black "Bobrovich, Sergey"]
[Result "1/2-1/2"]
[WhiteElo "1937"]
[BlackElo "2111"]
[PlyCount "55"]
[EventDate "2011.02.28"]
[EventType "tourn (corr)"]
[EventRounds "4"]
[EventCountry "GER"]
[SourceTitle "Telechess CBM 145"]
[Source "Chessbase"]
[SourceDate "2011.11.11"]
[SourceVersion "1"]
[SourceVersionDate "2011.11.11"]
[SourceQuality "1"]

1. e4 c5 2. Nc3 Nc6 3. Nge2 Nf6 4. d4 cxd4 5. Nxd4 d6 6. Be2 e5 7. Nf3 h6 8. 0-0 Be7 9. Re1 0-0 10. h3 Be6 11. Bf1 Nb8 12. b3 a6 13. a4 Nbd7 14. Bb2 Rc8 15. a5 Qc7 16. Nd2 d5 17. exd5 Nxd5 18. Nxd5 Bxd5 19. Bc4 Bc6 20. Ne4 Kh8 21. Qh5 f5 22. Ng3 Bc5 23. Rad1 Rce8 24. Qg6 Nf6 25. Re2 f4 26. Nf5 f3 27. Red2 Re7 28. Nxe7 1/2-1/2